000 00980nam a2200265 a 4500
001 44312
003 BD-RjUL
005 20211209053833.0
008 160716s1973 bg a|||| b||| 00| 0 ben d
020 _c: TK. 9.00
035 _a(BD-RjUL)44430
040 _aBD-RjUL
_bben
_cBD-RjUL
041 _aben
082 _223
_a613.71
_bJAS 1973
100 _aজব্বার, এম. এ.
_9136016
245 1 0 _aসংক্ষিপ্ত শারীরিক শিক্ষা /
_cএম. এ. জব্বার
250 _a১ম সং.
260 _aরাজশাহী :
_bরহমান আর্ট,
_c১৯৭৩
300 _aখণ্ড :
_bচিত্র ;
_c১৭ সেমি.
504 _aগ্রন্থপঞ্জি সংযুক্ত
505 _aখণ্ড-১ ---
650 _aশারীরিক শিক্ষা ও প্রশিক্ষণ
_9136017
650 _aPhysical education and training.
_9136018
942 _2ddc
_cBK
999 _c44312
_d44312